000 00305nam a22001457a 4500
008 221011b ||||| |||| 00| 0 eng d
020 _a9780130842084
041 _aeng
080 _a72
082 _a72
100 _a19.1
101 _aART
245 _aAPPLIED KINEMATICS WORKTEXT
942 _2udc
_cBK
999 _c58493
_d58493